书目信息 |
| 题名: |
贾文忠说铜器收藏
|
|
| 作者: | 贾文忠 著 | |
| 分册: | ||
| 出版信息: | 北京 华夏出版社 2008 |
|
| 页数: | 184页 | |
| 开本: | 25cm | |
| 丛书名: | ||
| 单 册: | ||
| 中图分类: | G262.5 , G894 , G262 | |
| 科图分类: | ||
| 主题词: | 铜器(考古)--收藏--中国 | |
| 电子资源: | ||
| ISBN: | 978-7-5080-4873-4 | |
| 000 | 00729nam0 2200241 450 | |
| 001 | 2370589170 | |
| 005 | 20231212193648.56 | |
| 010 | @a978-7-5080-4873-4@dCNY39.80 | |
| 100 | @a20120913d2008 em y0chiy50 ea | |
| 101 | 0 | @achi |
| 102 | @aCN@b110000 | |
| 105 | @aa z 000yy | |
| 200 | 1 | @a贾文忠说铜器收藏@Ajia wen zhong shuo tong qi shou cang@f贾文忠著 |
| 210 | @a北京@c华夏出版社@d2008 | |
| 215 | @a184页@c彩图@d25cm | |
| 330 | @a本书内容包括: 从热闹到门道、教你如何估价、铜器收藏的历史、铜器收藏的误区与攻略等。 | |
| 606 | 0 | @a铜器(考古)@x收藏@y中国 |
| 690 | @aG262.5@v5 | |
| 690 | @aG894@v5 | |
| 690 | @aG262@v4 | |
| 701 | 0 | @a贾文忠@Ajia wen zhong@4著 |
| 801 | 0 | @aCN@b湖北三新@c20120914 |
| 905 | @aBZT@dG262@e9 | |
| 贾文忠说铜器收藏/贾文忠著.-北京:华夏出版社,2008 |
| 184页:彩图;25cm |
| ISBN 978-7-5080-4873-4:CNY39.80 |
| 本书内容包括: 从热闹到门道、教你如何估价、铜器收藏的历史、铜器收藏的误区与攻略等。 |
| ● |
| 相关链接 |
|
|
|
正题名:贾文忠说铜器收藏
索取号:G262/9
 
预约/预借
| 序号 | 登录号 | 条形码 | 馆藏地/架位号 | 状态 | 备注 |
| 1 | 2001461801 | 2001461801 | 共建书房-化工学院/ [索取号:G262/9] | 在馆 | |
| 2 | 2001461802 | 2001461802 | 共建书房-化工学院/ [索取号:G262/9] | 在馆 | |
| 3 | 2001461803 | 2001461803 | 共建书房-化工学院/ [索取号:G262/9] | 在馆 | |
| 4 | 2001461804 | 2001461804 | 共建书房-化工学院/ [索取号:G262/9] | 在馆 | |
| 5 | 2001461805 | 2001461805 | 602书库/ [索取号:G262/9] | 在馆 | |
| 6 | 2001461806 | 2001461806 | 602书库/ [索取号:G262/9] | 在馆 | |
| 7 | 2001461807 | 2001461807 | 602书库/ [索取号:G262/9] | 在馆 | |
| 8 | 2001461808 | 2001461808 | 602书库/ [索取号:G262/9] | 在馆 | |
| 9 | 2001461809 | 2001461809 | 共建书房-教育学院/ [索取号:G262/9] | 在馆 | |
| 10 | 2001461810 | 2001461810 | 共建书房-教育学院/ [索取号:G262/9] | 在馆 | |
| 11 | 2001461811 | 2001461811 | 共建书房-教育学院/ [索取号:G262/9] | 在馆 | |
| 12 | 2001461812 | 2001461812 | 共建书房-教育学院/ [索取号:G262/9] | 在馆 | |
| 13 | 2001461813 | 2001461813 | 共建书房-教育学院/ [索取号:G262/9] | 在馆 | |
| 14 | 2001461814 | 2001461814 | 共建书房-教育学院/ [索取号:G262/9] | 在馆 | |
| 15 | 2001461815 | 2001461815 | 602书库/ [索取号:G262/9] | 在馆 | |
| 16 | 2001461816 | 2001461816 | 602书库/ [索取号:G262/9] | 在馆 | |
| 17 | 2001461817 | 2001461817 | 602书库/ [索取号:G262/9] | 在馆 | |
| 18 | 2001461818 | 2001461818 | 共建书房-化工学院/ [索取号:G262/9] | 在馆 | |
| 19 | 2001461819 | 2001461819 | 602书库/ [索取号:G262/9] | 在馆 | |
| 20 | 2001461820 | 2001461820 | 602书库/ [索取号:G262/9] | 在馆 | |
| 21 | 2001461821 | 2001461821 | 602书库/ [索取号:G262/9] | 在馆 | |
| 22 | 2001461822 | 2001461822 | 602书库/ [索取号:G262/9] | 在馆 | |
| 23 | 2001461823 | 2001461823 | 602书库/ [索取号:G262/9] | 在馆 | |
| 24 | 2001461824 | 2001461824 | 共建书房-经管学院/ [索取号:G262/9] | 在馆 | |
| 25 | 2001461825 | 2001461825 | 共建书房-经管学院/ [索取号:G262/9] | 在馆 | |
| 26 | 2001461826 | 2001461826 | 共建书房-化工学院/ [索取号:G262/9] | 在馆 | |
| 27 | 2001461827 | 2001461827 | 602书库/ [索取号:G262/9] | 在馆 | |
| 28 | 2001461828 | 2001461828 | 602书库/ [索取号:G262/9] | 在馆 | |
| 29 | 2001461829 | 2001461829 | 602书库/ [索取号:G262/9] | 在馆 | |
| 30 | 2001461830 | 2001461830 | 602书库/ [索取号:G262/9] | 在馆 |